000 00860nam a22002417a 4500
005 20170124110059.0
010 _aA-306463
020 _c00.00
_a195619552
035 _aA-306463
037 _bCen Lib/Ret
040 _aDPL
_bEN
082 _a954.0842
_bSIN
100 _aSingh, Anita Inder
_926859
245 _aThe origins of the partition of India 1936-1947 /
_cby Anita Inder Singh
260 _bOxford University Press
_aNew Delhi
_c1987
270 _aYMCA Library Building, Jai Singh Road
_bNew Delhi
_e110001
300 _axiv,271p.
_c21cm(Hb)
490 _aOxford University South Asian Studies Series
500 _aIncludes bibliographical references and index
650 _aIndia -- History -- Partition, 1947
_926337
650 _aIndia -- Politics and government -- 1919-1947
_986303
942 _2ddc
_cEN
_h954.0842
_mSIN
999 _c129599
_d129599